Worker and his union: A study in South India (Record no. 24938)

MARC details
000 -LEADER
fixed length control field 00322nam a2200121Ia 4500
082 ## - DEWEY DECIMAL CLASSIFICATION NUMBER
Classification number 331.105.44(548)
Item number RAM
100 ## - MAIN ENTRY--AUTHOR NAME
Personal name RAMASWAMY, E A
245 #0 - TITLE STATEMENT
Title Worker and his union: A study in South India
260 ## - PUBLICATION, DISTRIBUTION, ETC. (IMPRINT)
Place of publication Bombay
Name of publisher Allied
Year of publication 1977
650 ## - SUBJECT ADDED ENTRY--TOPICAL TERM
Topical Term Trade unions
942 ## - ADDED ENTRY ELEMENTS (KOHA)
Koha item type Books
Holdings
Withdrawn status Lost status Damaged status Not for loan Home library Current library Date acquired Full call number Accession Number Koha item type
        RRII Library RRII Library 16/12/2021 331.105.44(548) RAM 05603 Books